[Event "FIDE World Youth U16 Chess Olympiad SLOVAKIA 2016"]
[Site "Poprad Tatry SLOVAKIA"]
[Date "2016.07.24"]
[Round "4"]
[Board "4"]
[White "Drakoulakos, Grigorios"]
[Black "Morgunov, Daniel"]
[Result "1-0"]
[WhiteElo "2270"]
[BlackElo "2143"]
[PlyCount "49"]
[EventDate "2016.07.22"]
[EventType "team"]
[EventRounds "9"]
[EventCountry "SVK"]
[WhiteTeam "Greece"]
[BlackTeam "Austria"]

1. Nf3 Nf6 2. c4 g6 3. Nc3 Bg7 4. d4 d6 5. h3 O-O 6. Bf4 c5 7. e3 Nc6 8. Qd2 b6
9. Be2 Bb7 10. d5 Na5 11. O-O a6 12. e4 Rb8 13. e5 Ne8 14. Rad1 Bc8 15. Rfe1
Bd7 16. e6 fxe6 17. dxe6 Bxe6 18. Ng5 Bf7 19. Bg4 e5 20. Nxf7 Rxf7 21. Bg5 Bf6
22. Bh6 Ra7 23. Ne4 Be7 24. Qd5+ Kh8 25. Qf7 1-0

[Event "FIDE World Youth U16 Chess Olympiad SLOVAKIA 2016"]
[Site "Poprad Tatry SLOVAKIA"]
[Date "2016.07.24"]
[Round "4"]
[Board "1"]
[White "Kilic, Efe Mert"]
[Black "Liu, Yan"]
[Result "0-1"]
[WhiteElo "2131"]
[BlackElo "2402"]
[PlyCount "86"]
[EventDate "2016.07.22"]
[EventType "team"]
[EventRounds "9"]
[EventCountry "SVK"]
[WhiteTeam "Turkey"]
[BlackTeam "China 1"]

1. e4 c5 2. Nf3 a6 3. Nc3 d6 4. d4 cxd4 5. Nxd4 Nf6 6. Bg5 Nbd7 7. f4 Qb6 8.
Qd3 Nc5 9. Qe3 Ng4 10. Qd2 h6 11. Bh4 g5 12. fxg5 hxg5 13. Bg3 Nf6 14. Bd3 g4
15. Nb3 Bh6 16. Bf4 Bxf4 17. Qxf4 Nxd3+ 18. cxd3 Be6 19. Qf2 Qb4 20. Qd4 a5 21.
Qe3 g3 22. O-O Bxb3 23. axb3 Ng4 24. Qxg3 Qd4+ 25. Rf2 Nxf2 26. Qxf2 Qxf2+ 27.
Kxf2 Rxh2 28. Nd5 Kf8 29. Rc1 e6 30. Nf4 Rh4 31. Kg3 Rh6 32. Rc7 b5 33. Rb7 b4
34. Rb6 Kg7 35. Kf3 Rc8 36. Rxd6 e5 37. Rxh6 Kxh6 38. Ne2 Rc2 39. d4 Rxb2 40.
dxe5 Rxb3+ 41. Kf4 Rd3 42. Kf5 b3 43. Nf4 Rg3 0-1

[Event "FIDE World Youth U16 Chess Olympiad SLOVAKIA 2016"]
[Site "Poprad Tatry SLOVAKIA"]
[Date "2016.07.24"]
[Round "4"]
[Board "2"]
[White "Nie, Xinyang"]
[Black "Can, Isik"]
[Result "1/2-1/2"]
[WhiteElo "2314"]
[BlackElo "2103"]
[PlyCount "110"]
[EventDate "2016.07.22"]
[EventType "team"]
[EventRounds "9"]
[EventCountry "SVK"]
[WhiteTeam "China 1"]
[BlackTeam "Turkey"]

1. d4 Nf6 2. Nf3 e6 3. Bg5 c5 4. c3 d5 5. e3 Nc6 6. Nbd2 Bd6 7. Bd3 O-O 8. O-O
e5 9. dxc5 Bxc5 10. e4 dxe4 11. Nxe4 Be7 12. Ng3 h6 13. Be3 Bg4 14. Qc2 Re8 15.
h3 Be6 16. Bf5 Bxf5 17. Nxf5 Bf8 18. Rfe1 Qc7 19. Qa4 e4 20. N3d4 Ne5 21. Re2
a6 22. Ng3 Nc4 23. Bf4 Qxf4 24. Qxc4 b5 25. Qb3 Bc5 26. Ngf5 Rad8 27. Rd1 Rd7
28. Ne3 Red8 29. Red2 Qc7 30. a4 b4 31. Qc4 bxc3 32. bxc3 Bxd4 33. Qxc7 Rxc7
34. Rxd4 Rxd4 35. cxd4 Rd7 36. d5 Ne8 37. Rb1 Nf6 38. Rd1 Ne8 39. Rc1 Nf6 40.
Rc5 g6 41. Kf1 Kf8 42. Ke2 Ke7 43. Kd2 Kd6 44. Ra5 Ra7 45. Kc3 Nd7 46. g4 Nc5
47. Nc4+ Kxd5 48. Ne3+ Kd6 49. Nc4+ Kc6 50. Nd2 Rd7 51. Kc4 Rxd2 52. Rxc5+ Kd6
53. Ra5 Rxf2 54. Kd4 f5 55. Rxa6+ Kd7 1/2-1/2

[Event "FIDE World Youth U16 Chess Olympiad SLOVAKIA 2016"]
[Site "Poprad Tatry SLOVAKIA"]
[Date "2016.07.24"]
[Round "4"]
[Board "3"]
[White "Akdogan, Alperen"]
[Black "Chen, Qi B"]
[Result "1/2-1/2"]
[WhiteElo "2050"]
[BlackElo "2210"]
[PlyCount "49"]
[EventDate "2016.07.22"]
[EventType "team"]
[EventRounds "9"]
[EventCountry "SVK"]
[WhiteTeam "Turkey"]
[BlackTeam "China 1"]

1. d4 Nf6 2. Nf3 g6 3. Nbd2 Bg7 4. e4 d6 5. Bd3 O-O 6. O-O Nc6 7. Re1 e5 8. c3
h6 9. h3 Nh5 10. Nb3 Qe8 11. Be3 b6 12. dxe5 dxe5 13. Bc4 Be6 14. Qe2 Nf6 15.
Nfd2 Rd8 16. Rad1 Qe7 17. Bxe6 Qxe6 18. f3 Rd7 19. Qc4 Rfd8 20. Qxe6 fxe6 21.
Kf2 Nh5 22. Ke2 Ng3+ 23. Kf2 Nh5 24. Ke2 Ng3+ 25. Kf2 1/2-1/2

[Event "FIDE World Youth U16 Chess Olympiad SLOVAKIA 2016"]
[Site "Poprad Tatry SLOVAKIA"]
[Date "2016.07.24"]
[Round "4"]
[Board "4"]
[White "Wang, Shiwu"]
[Black "Onur, Cigdem"]
[Result "1-0"]
[WhiteElo "2013"]
[BlackElo "1791"]
[PlyCount "121"]
[EventDate "2016.07.22"]
[EventType "team"]
[EventRounds "9"]
[EventCountry "SVK"]
[WhiteTeam "China 1"]
[BlackTeam "Turkey"]

1. c4 c6 2. e4 d5 3. exd5 cxd5 4. cxd5 Nf6 5. Qa4+ Nbd7 6. Nc3 g6 7. Bc4 Bg7 8.
Nf3 O-O 9. d3 a6 10. Be3 Rb8 11. Bb3 b5 12. Qf4 Bb7 13. O-O Nb6 14. Bxb6 Qxb6
15. Rae1 b4 16. Na4 Qa5 17. Rxe7 Bxd5 18. Qc7 Qb5 19. Nd4 Qb7 20. Qxb7 Rxb7 21.
Rxb7 Bxb7 22. Nc5 Bc8 23. Nc6 Nd7 24. Nxd7 Bxd7 25. Nxb4 a5 26. Nd5 Bxb2 27.
Re1 Kg7 28. Re2 Bd4 29. Re4 Re8 30. Rxe8 Bxe8 31. Kf1 Bc6 32. Ne3 Kf6 33. Nc2
Bc5 34. Bc4 Ke7 35. g3 Bf3 36. Ne1 Bg4 37. Bd5 f6 38. Kg2 Kd6 39. Bg8 h6 40. h3
Be2 41. Bc4 Ke5 42. d4+ Kxd4 43. Bxe2 Kc3 44. Bf3 Kd2 45. Kf1 a4 46. Bc6 a3 47.
Nf3+ Kc3 48. Nh4 g5 49. Nf5 Bf8 50. Ke2 Kc4 51. Kf3 Kc5 52. Be8 Kd5 53. Kg4 Ke5
54. Bg6 Bc5 55. f4+ gxf4 56. gxf4+ Ke6 57. Nxh6 f5+ 58. Nxf5 Kf6 59. Be8 Bf8
60. h4 Bc5 61. h5 1-0

[Event "FIDE World Youth U16 Chess Olympiad SLOVAKIA 2016"]
[Site "Poprad Tatry SLOVAKIA"]
[Date "2016.07.24"]
[Round "4"]
[Board "1"]
[White "Dobrovoljc, Vid"]
[Black "Beukema, Jasper"]
[Result "1/2-1/2"]
[WhiteElo "2246"]
[BlackElo "2163"]
[PlyCount "88"]
[EventDate "2016.07.22"]
[EventType "team"]
[EventRounds "9"]
[EventCountry "SVK"]
[WhiteTeam "Slovenia"]
[BlackTeam "Belgium"]

1. e4 e5 2. Nf3 Nc6 3. Bb5 Nge7 4. O-O g6 5. c3 Bg7 6. d4 exd4 7. cxd4 d5 8.
exd5 Nxd5 9. Bg5 Qd6 10. Re1+ Be6 11. Nbd2 h6 12. Ne4 Qb4 13. Bxc6+ bxc6 14.
Qc1 Qb6 15. Bd2 g5 16. Nc5 O-O 17. Nxe6 fxe6 18. Rxe6 Rf6 19. Rxf6 Bxf6 20. Qc2
Kg7 21. Bc3 Re8 22. Qd2 Qb5 23. Re1 Rxe1+ 24. Qxe1 Qd3 25. Ne5 Bxe5 26. dxe5
Nxc3 27. bxc3 Kf7 28. e6+ Ke7 29. h3 h5 30. Qe3 Qxe3 31. fxe3 Kxe6 32. Kf2 Ke5
33. Kf3 c5 34. c4 Kf5 35. Kf2 Ke5 36. Ke2 Ke4 37. Kd2 Kf5 38. Kd3 Ke5 39. Kd2
Ke4 40. Ke2 Kf5 41. Kf3 Ke5 42. Kf2 Kf5 43. Ke2 Ke4 44. Kd2 Kf5 1/2-1/2

[Event "FIDE World Youth U16 Chess Olympiad SLOVAKIA 2016"]
[Site "Poprad Tatry SLOVAKIA"]
[Date "2016.07.24"]
[Round "4"]
[Board "2"]
[White "Huygebaert, Batist"]
[Black "Zamar Kodelja, Jurij"]
[Result "1/2-1/2"]
[WhiteElo "1850"]
[BlackElo "2103"]
[PlyCount "121"]
[EventDate "2016.07.22"]
[EventType "team"]
[EventRounds "9"]
[EventCountry "SVK"]
[WhiteTeam "Belgium"]
[BlackTeam "Slovenia"]

1. d4 Nf6 2. Nf3 c5 3. dxc5 Qa5+ 4. Bd2 Qxc5 5. e3 d6 6. c4 g6 7. Bc3 Bg7 8.
Nbd2 O-O 9. Be2 Bf5 10. Nd4 Bd7 11. O-O Qc8 12. Rc1 a6 13. h3 Nc6 14. e4 Nxd4
15. Bxd4 Bc6 16. Re1 Qe6 17. Bf3 Rfd8 18. b3 h5 19. Nb1 Nd7 20. Bxg7 Kxg7 21.
Nc3 Qf6 22. Re3 Ne5 23. g3 h4 24. Qe2 b5 25. Nd5 Bxd5 26. cxd5 b4 27. Bg4 hxg3
28. Rxg3 Rh8 29. Kg2 Nxg4 30. Qxg4 Rh4 31. Qf3 Rf4 32. Qe2 Qe5 33. Rg4 Rxg4+
34. hxg4 Rh8 35. Rh1 Rxh1 36. Kxh1 a5 37. Kg2 Qd4 38. f3 Qc5 39. Kg3 Kf6 40.
Qd2 Qc3 41. Qf4+ Kg7 42. Kh3 Qb2 43. Qh2 Qc3 44. Kg3 g5 45. Qh5 Qc1 46. Kg2 Qe3
47. Kg3 e6 48. dxe6 Qg1+ 49. Kh3 Qh1+ 50. Kg3 Qxh5 51. gxh5 fxe6 52. Kh3 d5 53.
exd5 exd5 54. Kg3 d4 55. Kf2 Kh6 56. Ke2 Kxh5 57. Kd3 Kg6 58. Kxd4 Kf5 59. Kd3
Kf4 60. Ke2 Kf5 61. Kd3 1/2-1/2

[Event "FIDE World Youth U16 Chess Olympiad SLOVAKIA 2016"]
[Site "Poprad Tatry SLOVAKIA"]
[Date "2016.07.24"]
[Round "4"]
[Board "3"]
[White "Amon, Nejc"]
[Black "Huttl, Sofie"]
[Result "1-0"]
[WhiteElo "2104"]
[BlackElo "1727"]
[PlyCount "91"]
[EventDate "2016.07.22"]
[EventType "team"]
[EventRounds "9"]
[EventCountry "SVK"]
[WhiteTeam "Slovenia"]
[BlackTeam "Belgium"]

1. e4 e5 2. Nf3 Nc6 3. d4 exd4 4. Nxd4 Bb4+ 5. c3 Bc5 6. Nxc6 dxc6 7. Qxd8+
Kxd8 8. Nd2 Nf6 9. Nb3 Bd6 10. Bg5 Ke7 11. f4 h6 12. Bxf6+ gxf6 13. g3 h5 14.
O-O-O Bg4 15. Re1 Kd8 16. Bg2 h4 17. Na5 Rb8 18. b4 h3 19. Bf1 c5 20. Nc4 Be7
21. b5 c6 22. bxc6 b5 23. Ne3 Bf3 24. Nd5 Bd6 25. Rg1 f5 26. c7+ Bxc7 27. Nxc7
Kxc7 28. exf5 c4 29. Be2 Bd5 30. Bd1 Kd6 31. Bc2 f6 32. Be4 Bf7 33. Rd1+ Kc7
34. Bd5 Bxd5 35. Rxd5 Rhd8 36. Rgd1 Rxd5 37. Rxd5 Kc6 38. Rd4 a5 39. Re4 Rf8
40. Re6+ Kb7 41. a3 Rf7 42. g4 Rg7 43. g5 fxg5 44. f6 Rg6 45. f7 Rxe6 46. f8=Q
 1-0

[Event "FIDE World Youth U16 Chess Olympiad SLOVAKIA 2016"]
[Site "Poprad Tatry SLOVAKIA"]
[Date "2016.07.24"]
[Round "4"]
[Board "4"]
[White "Swennen, Fleur"]
[Black "Hrescak, Ivana"]
[Result "1-0"]
[WhiteElo "1648"]
[BlackElo "2081"]
[PlyCount "151"]
[EventDate "2016.07.22"]
[EventType "team"]
[EventRounds "9"]
[EventCountry "SVK"]
[WhiteTeam "Belgium"]
[BlackTeam "Slovenia"]

1. c4 Nf6 2. g3 g6 3. Bg2 Bg7 4. Nc3 O-O 5. d3 d6 6. Rb1 a5 7. a3 c6 8. e4 e5
9. Nge2 Be6 10. O-O d5 11. cxd5 cxd5 12. d4 Nxe4 13. Nxe4 dxe4 14. dxe5 Qd3 15.
Qxd3 exd3 16. Nf4 Bb3 17. Be4 Rd8 18. Bxd3 Rxd3 19. Nxd3 Bc2 20. Ra1 Bxd3 21.
Rd1 Nc6 22. Rxd3 Nxe5 23. Rb3 Rd8 24. Bf4 Nc4 25. Rxb7 Bxb2 26. Rb1 Bxa3 27.
Rc7 Nd6 28. Rd1 Kf8 29. Bh6+ Kg8 30. Rc6 Nb7 31. Rxd8+ Nxd8 32. Rc8 Be7 33. Rc7
Bb4 34. Rc8 Be7 35. Ra8 f6 36. Bd2 Kf7 37. Rxa5 Nc6 38. Ra2 Nd4 39. Kg2 Nb5 40.
Ra5 Nd4 41. Ra4 Nc6 42. Rc4 Nd8 43. Bb4 Bxb4 44. Rxb4 Ke6 45. Ra4 Nf7 46. Ra7
h6 47. f4 f5 48. Ra6+ Nd6 49. Kf3 g5 50. h4 gxh4 51. gxh4 Kd5 52. Ra7 Ke6 53.
Ke3 Kf6 54. Ra6 Ke7 55. h5 Nf7 56. Ra7+ Ke6 57. Rxf7 Kxf7 58. Kd4 Ke6 59. Kc5
Ke7 60. Kd5 Kf6 61. Kd6 Kf7 62. Ke5 Ke7 63. Kxf5 Kf7 64. Ke5 Ke7 65. f5 Kf7 66.
f6 Kf8 67. Kf4 Ke8 68. Ke4 Kf8 69. Ke5 Kf7 70. Kf5 Kf8 71. Kg6 Kg8 72. Kxh6 Kf7
73. Kg5 Kg8 74. Kg6 Kh8 75. h6 Kg8 76. f7+ 1-0

[Event "FIDE World Youth U16 Chess Olympiad SLOVAKIA 2016"]
[Site "Poprad Tatry SLOVAKIA"]
[Date "2016.07.24"]
[Round "4"]
[Board "1"]
[White "Lee, Qing Aun"]
[Black "Macovei, Andrei"]
[Result "0-1"]
[WhiteElo "2250"]
[BlackElo "2396"]
[PlyCount "142"]
[EventDate "2016.07.22"]
[EventType "team"]
[EventRounds "9"]
[EventCountry "SVK"]
[WhiteTeam "Singapore"]
[BlackTeam "Moldova"]

1. e4 e5 2. Nf3 Nc6 3. Bb5 a6 4. Ba4 Nf6 5. d4 exd4 6. O-O Be7 7. Re1 b5 8. Bb3
d6 9. Bd5 Nxd5 10. exd5 Ne5 11. Nxd4 O-O 12. a4 Bg4 13. f3 Bd7 14. Nc3 Bh4 15.
g3 Bf6 16. axb5 axb5 17. Rxa8 Qxa8 18. Ndxb5 Qb7 19. Nd4 Nc4 20. Ne4 Qxd5 21.
Nxf6+ gxf6 22. c3 c5 23. Nc2 Qxd1 24. Rxd1 Ba4 25. Bh6 Bxc2 26. Rc1 Bb3 27.
Bxf8 Kxf8 28. Ra1 Ke7 29. Ra7+ Ke6 30. Rb7 Nd2 31. f4 Bd5 32. Rb8 Nf3+ 33. Kg2
c4 34. h3 Ng5+ 35. Kh2 Ne4 36. g4 f5 37. Rh8 fxg4 38. hxg4 Nf2 39. Kg3 Nd3 40.
Rb8 Be4 41. Rb6 Kd5 42. Rb8 Nc1 43. Kf2 f5 44. g5 Nd3+ 45. Ke3 Ne1 46. Kf2 Nd3+
47. Ke3 Ke6 48. Rb6 Ne1 49. Kf2 Ng2 50. Kg3 Ne3 51. Rb4 Kf7 52. Rb6 Ke6 53. Rb4
Ke7 54. Kf2 Nd5 55. Rxc4 Nxf4 56. Rc7+ Ke6 57. Rxh7 Ng6 58. Ke3 Ke5 59. Ra7 f4+
60. Kf2 Kf5 61. Ra5+ Ne5 62. g6 Kxg6 63. Ra6 Kf5 64. Rxd6 Ng4+ 65. Ke1 f3 66.
Rd8 Kf4 67. Rf8+ Ke3 68. b4 f2+ 69. Rxf2 Nxf2 70. b5 Bd3 71. b6 Be2 0-1

[Event "FIDE World Youth U16 Chess Olympiad SLOVAKIA 2016"]
[Site "Poprad Tatry SLOVAKIA"]
[Date "2016.07.24"]
[Round "4"]
[Board "2"]
[White "Cojocari, Dmitri"]
[Black "Woong, Zhi Wei William"]
[Result "1/2-1/2"]
[WhiteElo "2051"]
[BlackElo "2008"]
[PlyCount "84"]
[EventDate "2016.07.22"]
[EventType "team"]
[EventRounds "9"]
[EventCountry "SVK"]
[WhiteTeam "Moldova"]
[BlackTeam "Singapore"]

1. e4 c5 2. Nc3 d6 3. Nge2 e6 4. d3 Nc6 5. g3 Nge7 6. Bg2 Nd4 7. O-O g6 8. Nxd4
cxd4 9. Ne2 Bg7 10. f4 O-O 11. h3 Qc7 12. g4 f5 13. Ng3 Bd7 14. Bd2 Rac8 15.
Rc1 Qb6 16. b3 Qc5 17. exf5 exf5 18. Bxb7 Rce8 19. Bf3 Nd5 20. Bxd5+ Qxd5 21.
gxf5 Bc6 22. Rf2 Re3 23. Kh2 h5 24. Bxe3 dxe3 25. Re2 h4 26. Ne4 gxf5 27. Ng5
Be5 28. Qf1 Re8 29. fxe5 Qxe5+ 30. Kg1 Qg3+ 31. Rg2 e2 32. Rxg3 exf1=Q+ 33.
Rxf1 hxg3 34. Rxf5 Re2 35. Ne4 Rxc2 36. Rg5+ Kf8 37. Nxg3 Rg2+ 38. Kf1 Rxa2 39.
Nf5 Bb5 40. Nxd6 Bxd3+ 41. Ke1 Re2+ 42. Kd1 Rb2 1/2-1/2

[Event "FIDE World Youth U16 Chess Olympiad SLOVAKIA 2016"]
[Site "Poprad Tatry SLOVAKIA"]
[Date "2016.07.24"]
[Round "4"]
[Board "3"]
[White "Lau, Ende Matthew"]
[Black "Martinovici, Ilie"]
[Result "0-1"]
[WhiteElo "1880"]
[BlackElo "2097"]
[PlyCount "100"]
[EventDate "2016.07.22"]
[EventType "team"]
[EventRounds "9"]
[EventCountry "SVK"]
[WhiteTeam "Singapore"]
[BlackTeam "Moldova"]

1. e4 e5 2. Nf3 Nc6 3. Bb5 a6 4. Ba4 Nf6 5. d3 b5 6. Bb3 Be7 7. a4 b4 8. Nbd2
d6 9. O-O O-O 10. Re1 h6 11. h3 Be6 12. c3 Rb8 13. Bc2 bxc3 14. bxc3 d5 15. d4
exd4 16. Nxd4 Nxd4 17. cxd4 dxe4 18. Nxe4 Nxe4 19. Bxe4 Bf6 20. Be3 c5 21. dxc5
Bxa1 22. Qxa1 Rb4 23. Bf3 Qh4 24. Qe5 Rxa4 25. c6 Rc8 26. c7 Qf6 27. Qd6 Bf5
28. Qg3 Rc4 29. Bf4 Kh7 30. Be5 Qg6 31. Bb7 Re8 32. Qxg6+ fxg6 33. Bxa6 Rxc7
34. f4 Rc2 35. g4 Be6 36. Bd3 Rd2 37. Be4 Bf7 38. Rc1 Kg8 39. h4 g5 40. hxg5
hxg5 41. Bf3 Ra2 42. Bd6 gxf4 43. Bxf4 Ra4 44. Bg5 Be6 45. Re1 Kf7 46. Bc6
Rxg4+ 47. Kf2 Rc8 48. Bg2 Rc2+ 49. Kf3 Rxg5 50. Bf1 Kf6 0-1

[Event "FIDE World Youth U16 Chess Olympiad SLOVAKIA 2016"]
[Site "Poprad Tatry SLOVAKIA"]
[Date "2016.07.24"]
[Round "4"]
[Board "4"]
[White "Verbin, Valentina"]
[Black "Chin, Yuen Ling Erica"]
[Result "1-0"]
[WhiteElo "1884"]
[BlackElo "1287"]
[PlyCount "81"]
[EventDate "2016.07.22"]
[EventType "team"]
[EventRounds "9"]
[EventCountry "SVK"]
[WhiteTeam "Moldova"]
[BlackTeam "Singapore"]

1. e4 c5 2. Nf3 d6 3. d4 cxd4 4. Nxd4 Nf6 5. Nc3 a6 6. Be3 Nc6 7. f3 e5 8. Nb3
Be6 9. Qd2 d5 10. exd5 Nxd5 11. Nxd5 Qxd5 12. Qxd5 Bxd5 13. O-O-O Rd8 14. Bb6
Rd7 15. Bd3 Be6 16. Be4 Be7 17. Bxc6 bxc6 18. Na5 c5 19. Nc6 Rb7 20. Bd8 Bd7
21. Bxe7 Rc7 22. Nxe5 Kxe7 23. Nxd7 Rxd7 24. Rhe1+ Kd8 25. Re5 Re8 26. Rxe8+
Kxe8 27. Rxd7 Kxd7 28. Kd2 Ke6 29. Kc3 Kd5 30. Kb3 Kd4 31. Ka4 Ke3 32. Ka5 Kf2
33. Kxa6 Kxg2 34. Kb5 f5 35. a4 g5 36. a5 g4 37. fxg4 f4 38. a6 f3 39. a7 f2
40. a8=Q+ Kxh2 41. Qf3 1-0

[Event "FIDE World Youth U16 Chess Olympiad SLOVAKIA 2016"]
[Site "Poprad Tatry SLOVAKIA"]
[Date "2016.07.24"]
[Round "4"]
[Board "1"]
[White "Gorodetzky, David"]
[Black "Walter, Szymon"]
[Result "1-0"]
[WhiteElo "2331"]
[BlackElo "2206"]
[PlyCount "101"]
[EventDate "2016.07.22"]
[EventType "team"]
[EventRounds "9"]
[EventCountry "SVK"]
[WhiteTeam "Israel Rehovot Chess School"]
[BlackTeam "Poland 1"]

1. e4 c5 2. c3 g6 3. d4 cxd4 4. cxd4 d5 5. e5 Bg7 6. Nc3 Nc6 7. h3 f6 8. f4 Nh6
9. g4 O-O 10. Bg2 fxe5 11. fxe5 e6 12. Nf3 Nf7 13. O-O b5 14. Be3 Ba6 15. Re1
Rc8 16. Bf1 Qb6 17. a4 b4 18. a5 Qb7 19. Bxa6 Qxa6 20. Na4 Rfe8 21. Nc5 Qb5 22.
Qe2 Qxe2 23. Rxe2 Bf8 24. Nb3 Nb8 25. Kg2 Na6 26. Rf1 Rc7 27. Kg3 Rec8 28. Ne1
Be7 29. h4 Nd8 30. Rh2 Nf7 31. Rff2 Rc6 32. h5 R6c7 33. Nd3 Kg7 34. Rf1 Ng5 35.
Bxg5 Bxg5 36. hxg6 Kxg6 37. Rff2 Rc6 38. Nf4+ Kg7 39. Nh5+ Kg6 40. Nf4+ Kg7 41.
Nh3 Be7 42. g5 Nc7 43. Kg4 Rf8 44. Nf4 Ne8 45. Nh5+ Kg8 46. Nf6+ Bxf6 47. gxf6
Rf7 48. Nc5 Nc7 49. Kf4 Na6 50. Nxa6 Rxa6 51. Rc2 1-0

[Event "FIDE World Youth U16 Chess Olympiad SLOVAKIA 2016"]
[Site "Poprad Tatry SLOVAKIA"]
[Date "2016.07.24"]
[Round "4"]
[Board "2"]
[White "Garbowski, Jakub"]
[Black "Zlatin, Alexander"]
[Result "1/2-1/2"]
[WhiteElo "2102"]
[BlackElo "2146"]
[PlyCount "105"]
[EventDate "2016.07.22"]
[EventType "team"]
[EventRounds "9"]
[EventCountry "SVK"]
[WhiteTeam "Poland 1"]
[BlackTeam "Israel Rehovot Chess School"]

1. e4 e5 2. Nf3 Nc6 3. Bb5 a6 4. Ba4 Nf6 5. O-O b5 6. Bb3 Bc5 7. a4 Rb8 8. axb5
axb5 9. Nxe5 Nxe5 10. d4 Bxd4 11. Qxd4 d6 12. f4 Nc6 13. Qc3 Ne7 14. e5 Ne4 15.
Qe1 d5 16. Nd2 Nc5 17. Qg3 Nf5 18. Qc3 Nxb3 19. Nxb3 O-O 20. Be3 b4 21. Qd2
Nxe3 22. Qxe3 Bf5 23. Qc5 Qd7 24. Nd4 Be4 25. h3 Rb6 26. f5 Rc8 27. Ra7 Qd8 28.
Rf2 Qf8 29. Qa5 Qd8 30. Qc5 Qf8 31. Qa5 Qd8 32. Ra6 Rxa6 33. Qxa6 Qe8 34. Nc6
Ra8 35. Qb7 Ra1+ 36. Kh2 d4 37. Ne7+ Qxe7 38. Qxe4 Ra5 39. Re2 f6 40. exf6 Qxe4
41. Rxe4 Rxf5 42. Rxd4 c5 43. Rd8+ Kf7 44. fxg7 Kxg7 45. Kg3 h5 46. Rc8 Rd5 47.
Kf3 Kf6 48. g4 hxg4+ 49. hxg4 b3 50. cxb3 Rd3+ 51. Kf4 Rxb3 52. Rxc5 Rb4+ 53.
Kg3 1/2-1/2

[Event "FIDE World Youth U16 Chess Olympiad SLOVAKIA 2016"]
[Site "Poprad Tatry SLOVAKIA"]
[Date "2016.07.24"]
[Round "4"]
[Board "3"]
[White "Gorodetzky, Matan"]
[Black "Antolak, Julia"]
[Result "1/2-1/2"]
[WhiteElo "2127"]
[BlackElo "2059"]
[PlyCount "33"]
[EventDate "2016.07.22"]
[EventType "team"]
[EventRounds "9"]
[EventCountry "SVK"]
[WhiteTeam "Israel Rehovot Chess School"]
[BlackTeam "Poland 1"]

1. e4 c5 2. c3 d5 3. exd5 Qxd5 4. d4 Nc6 5. Nf3 Bf5 6. Be3 Nf6 7. Na3 cxd4 8.
Nb5 O-O-O 9. Nfxd4 Ng4 10. Qc1 e6 11. Be2 Nxe3 12. Qxe3 Nxd4 13. Nxd4 Bc5 14.
Qg3 Bd6 15. Qe3 Bc5 16. Qg3 Bd6 17. Qe3 1/2-1/2

[Event "FIDE World Youth U16 Chess Olympiad SLOVAKIA 2016"]
[Site "Poprad Tatry SLOVAKIA"]
[Date "2016.07.24"]
[Round "4"]
[Board "4"]
[White "Szmer, Aleksander"]
[Black "Katkov, Michelle"]
[Result "1-0"]
[WhiteElo "1808"]
[BlackElo "1612"]
[PlyCount "45"]
[EventDate "2016.07.22"]
[EventType "team"]
[EventRounds "9"]
[EventCountry "SVK"]
[WhiteTeam "Poland 1"]
[BlackTeam "Israel Rehovot Chess School"]

1. d4 Nf6 2. Nc3 e6 3. e4 Bb4 4. Bd3 Nc6 5. Nf3 h6 6. O-O d6 7. Ne2 e5 8. c3
Ba5 9. b4 Bb6 10. b5 Ne7 11. dxe5 Ng4 12. exd6 Qxd6 13. h3 h5 14. Bf4 Nxf2 15.
Rxf2 Bxf2+ 16. Kxf2 Qd8 17. Bc4 Qxd1 18. Rxd1 Bd7 19. Bxf7+ Kxf7 20. Rxd7 Ke6
21. Rxc7 Ng6 22. Ned4+ Kf6 23. Bg5# 1-0

[Event "FIDE World Youth U16 Chess Olympiad SLOVAKIA 2016"]
[Site "Poprad Tatry SLOVAKIA"]
[Date "2016.07.24"]
[Round "4"]
[Board "1"]
[White "Makhnyov, Denis"]
[Black "Riess, Alexander"]
[Result "1-0"]
[WhiteElo "2351"]
[BlackElo "2208"]
[PlyCount "101"]
[EventDate "2016.07.22"]
[EventType "team"]
[EventRounds "9"]
[EventCountry "SVK"]
[WhiteTeam "Kazakhstan"]
[BlackTeam "Germany 2"]

1. g3 g6 2. Bg2 Bg7 3. c4 c5 4. Nc3 Nc6 5. e3 d6 6. Nge2 h5 7. h3 Nh6 8. a3 Nf5
9. Rb1 a5 10. d3 Bd7 11. Nf4 Rb8 12. O-O Na7 13. Bd2 b5 14. cxb5 Nxb5 15. Qe1
Nxc3 16. bxc3 O-O 17. e4 Nh6 18. Rxb8 Qxb8 19. Qa1 Qa7 20. Rb1 Rb8 21. Rb2 Kh7
22. Qb1 Rxb2 23. Qxb2 e6 24. Be3 Ng8 25. d4 cxd4 26. cxd4 Ne7 27. Qd2 Qc7 28.
Kh2 Bb5 29. h4 Ba6 30. Nh3 d5 31. Bf4 Qb6 32. Bg5 f6 33. Be3 Bc4 34. e5 Nf5 35.
exf6 Bxf6 36. Ng5+ Kg8 37. Nf3 Qb5 38. Bg5 Bg7 39. Bd8 a4 40. Ne5 Qe8 41. Bg5
Bb3 42. Bf4 Kh7 43. Nf3 Qe7 44. Qb2 Nd6 45. Ng5+ Kg8 46. Bxd6 Qxd6 47. Qc3 Bf6
48. Qc8+ Kg7 49. Nxe6+ Kf7 50. Nc7 Bxd4 51. Qe8+ 1-0

[Event "FIDE World Youth U16 Chess Olympiad SLOVAKIA 2016"]
[Site "Poprad Tatry SLOVAKIA"]
[Date "2016.07.24"]
[Round "4"]
[Board "2"]
[White "Engel, Luis"]
[Black "Turar, Dastan"]
[Result "1-0"]
[WhiteElo "2276"]
[BlackElo "2266"]
[PlyCount "121"]
[EventDate "2016.07.22"]
[EventType "team"]
[EventRounds "9"]
[EventCountry "SVK"]
[WhiteTeam "Germany 2"]
[BlackTeam "Kazakhstan"]

1. e4 e6 2. d4 d5 3. Nd2 Be7 4. Bd3 c5 5. dxc5 a5 6. exd5 exd5 7. Ngf3 Nf6 8.
a4 O-O 9. Nb3 Bg4 10. Be3 Nbd7 11. h3 Bh5 12. g4 Bg6 13. Bxg6 hxg6 14. g5 Ne4
15. Qxd5 Ndxc5 16. O-O-O Qc7 17. Kb1 Rab8 18. Qc4 b6 19. Nxc5 Nxc5 20. Bf4 Qb7
21. Bxb8 Qxf3 22. Qf4 Qc6 23. Bd6 Ne6 24. Qg3 Bxd6 25. Qxd6 Qxa4 26. Qxb6 Rc8
27. Rd2 Qe4 28. Rhd1 a4 29. Qe3 Qb4 30. Rd3 Rb8 31. Qe5 Kh7 32. Rg3 Rb5 33. Rd5
Rb8 34. Rg4 Qb7 35. Rxa4 Nxg5 36. Rd3 f5 37. Rb3 Qh1+ 38. Ka2 Rd8 39. Qe7 Ra8
40. Rba3 Rxa4 41. Rxa4 Qd5+ 42. b3 Ne4 43. Rc4 g5 44. f3 Nd6 45. Rc7 Qd4 46.
Rd7 Qc3 47. Qxd6 Qxc2+ 48. Ka3 Qc1+ 49. Ka4 Qa1+ 50. Kb5 Qf1+ 51. Kb6 Qxf3 52.
Qd3 Qf4 53. Qd4 Qb8+ 54. Rb7 Qf8 55. b4 f4 56. Ka7 Kh6 57. Qc5 Qd8 58. Qb6+ Qf6
59. Qxf6+ gxf6 60. Rc7 f5 61. b5 1-0

[Event "FIDE World Youth U16 Chess Olympiad SLOVAKIA 2016"]
[Site "Poprad Tatry SLOVAKIA"]
[Date "2016.07.24"]
[Round "4"]
[Board "3"]
[White "Agmanov, Zhandos"]
[Black "Pajeken, Jakob Leon"]
[Result "1-0"]
[WhiteElo "2310"]
[BlackElo "2051"]
[PlyCount "59"]
[EventDate "2016.07.22"]
[EventType "team"]
[EventRounds "9"]
[EventCountry "SVK"]
[WhiteTeam "Kazakhstan"]
[BlackTeam "Germany 2"]

1. e4 e5 2. Nf3 Nc6 3. Bc4 Bc5 4. c3 Nf6 5. d3 a6 6. Bb3 d6 7. h3 h6 8. Nbd2
Ba7 9. Nf1 Ne7 10. Ng3 Ng6 11. O-O O-O 12. d4 c5 13. Re1 cxd4 14. cxd4 exd4 15.
Nxd4 d5 16. exd5 Nxd5 17. Ndf5 Be6 18. Qf3 Nh4 19. Nxh4 Qxh4 20. Nf5 Bxf5 21.
Bxd5 Qb4 22. Bxh6 Bxh3 23. Qxh3 gxh6 24. Qf5 Qxb2 25. Rab1 Qd2 26. Be4 Kg7 27.
Rbd1 Qg5 28. Qh7+ Kf6 29. Rd5 Rh8 30. Rf5+ 1-0